First Names as Last Names #6: Fictional Character Edition - Statistics

General Stats
  • This quiz has been taken 60 times
  • The average score is 7 of 32
Answer Stats
To Create These Full Names % Correct
Peter Parker
86%
Clark Kent
78%
Bruce Wayne
72%
Dorothy Gale
44%
Charles Xavier
40%
Nancy Drew
38%
Barry Allen
32%
Elizabeth Bennet
32%
Barbara Gordon
26%
Regina George
26%
James Kirk
24%
Selina Kyle
24%
Hal Jordan
20%
Fitzwilliam Darcy
18%
Sarah Connor
18%
Dexter Morgan
16%
George Bailey
12%
Jack Ryan
12%
Jim Gordon
8%
Ben Linus
6%
Nathan Drake
6%
Anna Marie
4%
Dean Thomas
4%
Jason Todd
4%
John Carter
4%
Tim Drake
4%
Ian Malcolm
2%
Montgomery Scott
2%
Rose Tyler
2%
Michael 'Ponyboy' Curtis
0%
Tommy Elliott
0%
Walter Donovan
0%
No matching quizzes found
Score Distribution
Percent of People with Each Score
Percentile by Number Answered
Your Score History
You have not taken this quiz